Statistics for Famous Poles

Click here to take the quiz!

General Stats

  • This quiz has been taken 574 times
    (320 since last reset)
  • The average score is 11 of 18

Answer Stats

HintAnswer% Correct
Discoverer of Radium and PoloniumMarie Curie
97%
PopeKarol Wojtyła
95%
Astronomer who formulated the heliocentric world viewNicolaus Copernicus
92%
Paris-based classical composer (1810-1849)Frédéric Chopin
88%
Solidarność leaderLech Wałęsa
88%
Bayern Munich soccer playerRobert Lewandowski
77%
President who died in plane crashLech Kaczyński
72%
"The Pianist" directorRoman Polanski
71%
"Quo Vadis?" authorHenryk Sienkiewicz
68%
Prime Minister 2007-2014Donald Tusk
63%
Victorous king at the Battle of Vienna (1683)John III. Sobieski
63%
Winner of four Olympic ski medalsAdam Małysz
56%
"Katyn" directorAndrzej Wajda
47%
"Solaris" authorStanisław Lem
42%
"Three Colors" trilogy directorKrzysztof Kieślowski
28%
"The Captive Mind" authorCzesław Miłosz
20%
Napoleon's loverMaria Walewska
15%
Broke the Enigma machine cypher in 1932Marian Rejewski
13%

Score Distribution

Percentile by Number Answered

Percent of People with Each Score

Your Score History

You have not taken this quiz since the last reset